Spell the Marvel Character #155 - Statistics

General Stats
  • This quiz has been taken 10 times
  • The average score is 6 of 7
Answer Stats
Picture Answer % Correct
Ant-Man
100%
Doc Samson
100%
Elektra
100%
Medusa
100%
Silk
100%
Machine Man
89%
Ultragirl
56%
No matching quizzes found
Score Distribution
Percent of People with Each Score
Percentile by Number Answered
Your Score History
You have not taken this quiz